USMLE step 2 : clinical sciences booklet 4 (Record no. 36843)

MARC details
000 -LEADER
fixed length control field 00376nam a2200157Ia 4500
020 ## - INTERNATIONAL STANDARD BOOK NUMBER
ISBN 1884083609
050 ## - CALL MARK
Classification number R 834.5 .U86/
245 #0 - TITLE STATEMENT
Title USMLE step 2 : clinical sciences booklet 4
260 ## - PUBLICATION, DISTRIBUTION, ETC. (IMPRINT)
Place of publication Chile
260 ## - PUBLICATION, DISTRIBUTION, ETC. (IMPRINT)
Name of publisher Maval Medical Education
260 ## - PUBLICATION, DISTRIBUTION, ETC. (IMPRINT)
Year of publication 1995
300 ## - PHYSICAL DESCRIPTION
Number of Pages 62 p
942 ## - ADDED ENTRY ELEMENTS (KOHA)
Koha item type Books
Holdings
Withdrawn status Lost status Source of classification or shelving scheme Damaged status Not for loan Permanent Location Current Location Date acquired Accession Number Price effective from Koha item type
    Library of Congress Classification     NILE UNIVERSITY OF NIGERIA - MAIN LIBRARY NILE UNIVERSITY OF NIGERIA - MAIN LIBRARY 04/23/2025 0008645 04/23/2025 Books